| 000 | 00463nam a22001457a 4500 | ||
|---|---|---|---|
| 003 | OSt | ||
| 005 | 20220113014227.0 | ||
| 008 | 151116b xxu||||| |||| 00| 0 eng d | ||
| 040 |
_cMMU _aMMU _dMMU _beng |
||
| 050 | _aRA427.8.M39 2005 | ||
| 245 |
_aPlanning, Implementation,& evaluating health promotion programs: _ba primer/ _cJames F. McKenzie. |
||
| 260 |
_aBoston: _bPearson Benjamin Cummings, _c2005. |
||
| 300 | _axvi, 464 p. : | ||
| 942 |
_2lcc _cSHORTLOAN _e5th ed. |
||
| 999 |
_c15908 _d15908 |
||